000 00614nam a2200205Ia 4500
001 17594
003 GE_BSU
008 181216s||||||||xx |||||||||||||| ||und||
040 _cGE_BSU
080 _a821.353.1-1
100 _aკილასონია,ნაზი
245 _aლექსები
245 _cრედ.:ც.ბუაჩიძე;მხატვ.:ა.შალიკაშვილი
260 _aთბილისი
260 _bსაბჭ.საქართველო
260 _c1959
300 _a126გვ. ; 20სმ.
653 _aლექსები
942 _cBK
999 _c50644
_d50644